000 00255nam a2200097 4500
008 160625b xxu||||| |||| 00| 0 eng d
100 _91198
_a Mallik, U
245 _aLearing with Computer Level - 1
300 _a Western Pub. Com.N.D NCERT
942 _2ddc
_cBK
999 _c978
_d978